jeux mario par image - Statistiques

Statistiques générales
  • Ce quiz a été pris 50 fois
    43 depuis la dernière actualisation
  • Le résultat moyen est 8 sur 10
Statistiques - réponses
Par images Réponse % Correct
super mario galaxy
100%
mario bros
96%
super mario galaxy 2
96%
super mario wonder
94%
super mario sunshine
92%
super mario bros 3
88%
super mario odyssey
84%
super mario 64
82%
super mario 3D world
81%
super mario bros 2
81%
super mario bros
78%
super mario world
76%
super mario land
46%
super mario bros the lost levels
45%
yoshi's island
43%
super mario land 2
33%
Aucun quiz correspondant
Distribution des résultats
% des personnes avec chaque résultat
Percentile par nombre de réponses
Votre historique - résultats
Vous n’avez pas pris ce quiz depuis la dernière actualisation